|
|
|
|
| LEADER |
00000npc a22000002 4500 |
| 001 |
LR118587943 |
| 003 |
PipeLineGenerated |
| 005 |
20260413062837.0 |
| 008 |
190606s2019 xx ||||| 00| ||ger c |
| 100 |
|
|
|a Nietzsche, Friedrich
|0 (DE-588)118587943
|0 (DE-627)133733971
|d 1844-1900
|
| 245 |
|
|
|a Archivmaterialien zu Friedrich Nietzsche, 1844-1900
|
| 856 |
|
|
|u https://kalliope-verbund.info/gnd/118587943
|3 Archivdatenbank (Kalliope Verbundkatalog)
|
| 856 |
|
|
|u https://www.archivportal-d.de/person/gnd/118587943
|3 Archivdatenbank (Archivportal-D)
|
| BIB |
|
|
|a 1
|o create_literary_remains_records
|
| ELC |
|
|
|a 1
|
| REL |
|
|
|a 1
|o create_literary_remains_records
|
| SUB |
|
|
|a BIB
|a REL
|